Baguettes Harry Potter - Statistiques

Statistiques générales
  • Ce quiz a été pris 76 fois
  • Le résultat moyen est 5 sur 12
Statistiques - réponses
Par images Réponse % Correct
Rubeus Hagrid
83%
Dolores Ombrage
63%
Drago Malefoy
61%
Luna Lovegood
59%
Siruis Black
51%
Severus Rogue
47%
Narcissa Malefoy
44%
Neville Londubat
34%
Remus Lupin
34%
Nymphadora Tonk
27%
Viktor Krum
22%
Arthur Weasley
20%
Aucun quiz correspondant
Distribution des résultats
% des personnes avec chaque résultat
Percentile par nombre de réponses
Votre historique - résultats
Vous n’avez pas pris ce quiz